[Event "FRA-ch U18"]
[Site "Agen"]
[Date "2023.04.27"]
[Round "6"]
[White "Fraile, Lucas"]
[Black "Mekhane, Adam"]
[Result "1/2-1/2"]
[WhiteElo "1954"]
[BlackElo "2280"]
[PlyCount "82"]
[EventDate "2023.04.23"]
[EventType "swiss"]
[EventRounds "9"]
[EventCountry "FRA"]
[SourceTitle "CBM 214 Extra"]
[Source "ChessBase"]
[SourceDate "2023.07.31"]
[SourceVersion "1"]
[SourceVersionDate "2023.07.31"]
[SourceQuality "1"]

1. e4 e5 2. Nf3 Nc6 3. d4 exd4 4. Nxd4 Bc5 5. Nb3 Bb6 6. Nc3 Nge7 7. Bg5 0-0 8. Qd2 f6 9. Bh4 d6 10. Be2 Be6 11. Nd5 Qe8 12. 0-0 Kh8 13. Kh1 f5 14. Bxe7 Nxe7 15. Nxb6 axb6 16. Nd4 Bd7 17. exf5 c5 18. Ne6 Bxe6 19. fxe6 Qc6 20. c4 Qe4 21. Qxd6 Nf5 22. Qd3 Qxe6 23. Bg4 Qg6 24. Bxf5 Rxf5 25. Rad1 h6 26. a3 Qf6 27. Rd2 Re8 28. Kg1 Rf4 29. Qd6 Qf7 30. Qd5 Re6 31. g3 Rfe4 32. Qd8+ Kh7 33. Qd3 Kh8 34. Qd8+ Kh7 35. Qd3 Kh8 36. Qd8+ Kh7 37. Qd3 Kh8 38. Qd8+ Kh7 39. Qd3 Kh8 40. Qd8+ Kh7 41. Qd3 Kh8 1/2-1/2